| 000 | 00000nam##2200000za#4500 |
| 001 | 9.681250 |
| 003 | CaOODSP |
| 005 | 20220328113356 |
| 007 | ta |
| 008 | 150407|2000||||xxc||||| f|0| 0 fre|d |
| 020 | |a0-662-85013-0 |
| 040 | |aCaOODSP|bfre |
| 043 | |an-cn--- |
| 086 | 1 |aC2-524/2000F |
| 110 | 1 |aCanada. |bIndustrie Canada. |
| 245 | 10|aLes chemins de la croissance: possibilités dans le secteur de la biotechnologie |
| 260 | |aOttawa - Ontario : |bIndustrie Canada |c2000. |
| 300 | |a38p. : |bgraphiques, ill., tableaux ; |c28 cm. |
| 500 | |aSommaire: L'industrie canadienne de la biotechnologie: aperçu.--Recherche-développement, transfert de technologie et commercialisation.--Financement et accès au capital.--Perfectionnement des compétences et ressources humaines.--Réglementation et propriété intellectuelle.--Investissement étranger et échange commerciaux.--Conclusion: le Canada à l'heure de la biotechnologie. |
| 563 | |aCouverture souple |
| 590 | |a00-41|b2000-10-13 |
| 691 | 07|aBiotechnologie|2gcpds |
| 691 | 07|aTransfert technologique|2gcpds |
| 691 | 07|aFinancement|2gcpds |
| 775 | 08|tPathways to growth: opportunities in biotechnology |w(CaOODSP)9.647867 |
| 776 | 0#|tLes chemins de la croissance : |w(CaOODSP)9.639340 |
| 986 | |a53198F |